000 00635cam a22002171 4500
001 ca 06000073
003 DLC
005 20260227111042.0
008 780510m19049999nyuaf 000 0 eng
010 _aca 06000073
035 _a(OCoLC)3884153
040 _aDLC
_cNcRS
_dNcRS
_dDLC
042 _apremarc
050 0 0 _aTF425
_b.W54
110 2 _aWestinghouse Traction Brake Company, New York.
245 1 0 _aInstruction pamphlets of the Westinghouse Traction Brake Company.
260 _aNew York,
_c1904.
300 _a pt. in v.
_billus., plates.
_c18 cm.
650 0 _aWestinghouse air-brake.
650 0 _aElectric railroads.
999 _c13424
_d13424